Annual reviews of computational physics V
In this fifth volume of the authoritative series, the simulation of forest fires, flames, and hydrodynamics is presented in the first three articles. The next two deal with quantum simulations, in particular for two dimensions (quantum Hall effect and monolayers). Biology is connected with the last...
Shranjeno v:
| Format: | Knjiga |
|---|---|
| Jezik: | Undetermined |
| Izdano: |
Singapore
World Scientific
1997
|
| Teme: | |
| Oznake: |
Označite
Brez oznak, prvi označite!
|
| Thư viện lưu trữ: | Trung tâm Học liệu Trường Đại học Cần Thơ |
|---|
| LEADER | 01018nam a2200205Ia 4500 | ||
|---|---|---|---|
| 001 | CTU_211368 | ||
| 008 | 210402s9999 xx 000 0 und d | ||
| 020 | |c 44.39 | ||
| 082 | |a 530.15 | ||
| 082 | |b A613/Vol.5 | ||
| 245 | 0 | |a Annual reviews of computational physics V | |
| 245 | 0 | |c Dietrich Stauffer | |
| 260 | |a Singapore | ||
| 260 | |b World Scientific | ||
| 260 | |c 1997 | ||
| 520 | |a In this fifth volume of the authoritative series, the simulation of forest fires, flames, and hydrodynamics is presented in the first three articles. The next two deal with quantum simulations, in particular for two dimensions (quantum Hall effect and monolayers). Biology is connected with the last two articles: we learn from biological evolution to complement computer hardware and software with evolware, or we simulate immunology. | ||
| 650 | |a Mathematical physics,Vật lý toán học | ||
| 650 | |x Congresses,Hội nghị | ||
| 904 | |i Trung Anh,Qhieu | ||
| 980 | |a Trung tâm Học liệu Trường Đại học Cần Thơ | ||